Music Quiz

Random Music or Clickable Quiz

Singers' New Jobs Quiz Stats

 Plays Quiz Updated Mar 15, 2019

Score 0/20 Timer 05:00
2 Plays Today
% Correct
Meghan Trainor
93.2%
Ed Sheeran
92.3%
Britney Spears
91.9%
Bruno Mars
91.8%
Kanye West
90.7%
Eminem
90.3%
Susan Boyle
90%
Ariana Grande
89.9%
Taylor Swift
89.9%
Carrie Underwood
89.7%
% Correct
Iggy Azalea
89.5%
Cee Lo Green
88.8%
Alicia Keys
87.1%
Pitbull
86.2%
Usher
86.2%
John Mayer
86%
Frank Ocean
82.9%
Adele
79.3%
John Legend
78%
Keith Urban
77.3%

You're not logged in!

Compare scores with friends on all Sporcle quizzes.
OR
Log In

Sporcle TV

Today on Sporcle TV


Watch our educational content, quiz creation guides, and fun videos on Sporcle TV.

Show Comments

Extras

Top Quizzes Today


Score Distribution

Your Account Isn't Verified!

In order to create a playlist on Sporcle, you need to verify the email address you used during registration. Go to your Sporcle Settings to finish the process.

Report this User

Report this user for behavior that violates our Community Guidelines.

Details: